<?xml version="1.0" encoding="UTF-8"?>
<record
    xmlns:xsi="http://www.w3.org/2001/XMLSchema-instance"
    xsi:schemaLocation="http://www.loc.gov/MARC21/slim http://www.loc.gov/standards/marcxml/schema/MARC21slim.xsd"
    xmlns="http://www.loc.gov/MARC21/slim">

  <leader>00397nam a22001577a 4500</leader>
  <datafield tag="999" ind1=" " ind2=" ">
    <subfield code="c">7970</subfield>
    <subfield code="d">7968</subfield>
  </datafield>
  <controlfield tag="005">20220219163248.0</controlfield>
  <controlfield tag="008">220219b           ||||| |||| 00| 0 eng d</controlfield>
  <datafield tag="020" ind1=" " ind2=" ">
    <subfield code="a">978-81-89904-87-6</subfield>
  </datafield>
  <datafield tag="041" ind1=" " ind2=" ">
    <subfield code="a">eng</subfield>
  </datafield>
  <datafield tag="100" ind1=" " ind2=" ">
    <subfield code="a">MURTY,VEDULA RAMANA</subfield>
    <subfield code="9">7213</subfield>
  </datafield>
  <datafield tag="245" ind1=" " ind2=" ">
    <subfield code="a">OPERATIONAL HANDBOOK OF MINERAL PROCESSING</subfield>
  </datafield>
  <datafield tag="260" ind1=" " ind2=" ">
    <subfield code="a">NAGPUR</subfield>
    <subfield code="b">DENGTT</subfield>
    <subfield code="c">2020</subfield>
  </datafield>
  <datafield tag="300" ind1=" " ind2=" ">
    <subfield code="a">534;p</subfield>
  </datafield>
  <datafield tag="650" ind1=" " ind2=" ">
    <subfield code="a">MINING</subfield>
    <subfield code="9">7214</subfield>
  </datafield>
  <datafield tag="942" ind1=" " ind2=" ">
    <subfield code="c">BK</subfield>
  </datafield>
  <datafield tag="952" ind1=" " ind2=" ">
    <subfield code="0">0</subfield>
    <subfield code="1">0</subfield>
    <subfield code="4">0</subfield>
    <subfield code="7">0</subfield>
    <subfield code="8">MINING</subfield>
    <subfield code="a">JRU</subfield>
    <subfield code="b">JRU</subfield>
    <subfield code="c">SHELF-94-D</subfield>
    <subfield code="d">2022-02-19</subfield>
    <subfield code="e">PURCHASE</subfield>
    <subfield code="g">750.00</subfield>
    <subfield code="l">2</subfield>
    <subfield code="o">622.7</subfield>
    <subfield code="p">26548</subfield>
    <subfield code="q">2026-01-28</subfield>
    <subfield code="r">2026-01-13 07:20:08</subfield>
    <subfield code="s">2026-01-13</subfield>
    <subfield code="w">2022-02-19</subfield>
    <subfield code="y">BK</subfield>
  </datafield>
  <datafield tag="952" ind1=" " ind2=" ">
    <subfield code="0">0</subfield>
    <subfield code="1">0</subfield>
    <subfield code="4">0</subfield>
    <subfield code="7">0</subfield>
    <subfield code="8">MINING</subfield>
    <subfield code="a">JRU</subfield>
    <subfield code="b">JRU</subfield>
    <subfield code="c">SHELF-94-D</subfield>
    <subfield code="d">2022-02-19</subfield>
    <subfield code="e">PURCHASE</subfield>
    <subfield code="g">750.00</subfield>
    <subfield code="l">4</subfield>
    <subfield code="m">2</subfield>
    <subfield code="o">622.7</subfield>
    <subfield code="p">26549</subfield>
    <subfield code="q">2026-05-14</subfield>
    <subfield code="r">2026-02-13 06:44:18</subfield>
    <subfield code="s">2026-02-13</subfield>
    <subfield code="w">2022-02-19</subfield>
    <subfield code="y">BK</subfield>
  </datafield>
  <datafield tag="952" ind1=" " ind2=" ">
    <subfield code="0">0</subfield>
    <subfield code="1">0</subfield>
    <subfield code="4">0</subfield>
    <subfield code="7">0</subfield>
    <subfield code="8">MINING</subfield>
    <subfield code="a">JRU</subfield>
    <subfield code="b">JRU</subfield>
    <subfield code="c">SHELF-94-D</subfield>
    <subfield code="d">2022-02-19</subfield>
    <subfield code="e">PURCHASE</subfield>
    <subfield code="g">750.00</subfield>
    <subfield code="l">3</subfield>
    <subfield code="o">622.7</subfield>
    <subfield code="p">26550</subfield>
    <subfield code="r">2023-05-30 00:00:00</subfield>
    <subfield code="s">2023-03-20</subfield>
    <subfield code="w">2022-02-19</subfield>
    <subfield code="y">BK</subfield>
  </datafield>
</record>
